1327 1115 2000 1499 1252 1722 1682 1626 1180 1605 1257 1579 1387 1929 1566 1014 1342 1482 1789 1432 1501 1288 1824 1421 1544 1126 1236 1196 1168 1605 1853 1628 1749 1536 1091 1578 1123 1776 1781 1951 1222 1126 1783 1081 1447 1687 1306 1494 1425 1593 1999 1109 1037 1068 1081 1143 1096 1763 1591 1832 1531 1337 1832 1893 1862 1773 1657 1983 1768 1513 1070 1153 1925 1046 1761 1554 1396 1129 1723 1484 1508 1445 1139 1860 1479 1757 1028 1717 1827 1468 1642 1879 1914 1266 1029 1220 1007 1703 1093 BCNSPRNW ULIB Ver.6.0+V

เปลี่ยนเป็นภาษาไทย

Change to English
 แสดงรายละเอียดบรรณานุกรม
  กลับหน้าหลัก

Brief Record : Get Marc (ISO 2709) : E-mail record : QR code < ปิดหน้าต่าง
LEADER : 00000nam 2200000uu 4500
001    13399121537
003     ULIB
008    121122s2541||||th 000 0 tha d
099 00 ^aวพ.W 4^bอ247ค
100 0  ^aเอื้อมเดือน เนตรแขม
245 10 ^aความคิดอัตโนมัติด้านลบ กับความซึมเศร้าในผู้เสพติดสุราเรื้อรัง /^cเอื้อมเดือน เนตรแขม
260    ^aเชียงใหม่ :^bบัณฑิตวิทยาลัย มหาวิทยาลัยเชียงใหม่,^c2541
300    ^aญ, 72 แผ่น :^bตาราง
502    ^aวิทยานิพนธ์ (พยาบาลศาสตรมหาบัณฑิต (สาขาวิชาสุขภาพจิตและการพยาบาลจิตเวช)) -- มหาวิทยาลัยเชียงใหม่
504    ^aบรรณานุกรม: แผ่น 50-56
610 27 ^aโรงพยาบาลสวนปรุง
650  2 ^aDissertations, academic^xnursing
650  2 ^aThinking
650  2 ^aDepression
650  2 ^aAlcoholism
650  7 ^aคนติดสุรา^zเชียงใหม่
650  7 ^aคนติดยาเสพติด^zเชียงใหม่
710 20 ^aมหาวิทยาลัยเชียงใหม่.^bบัณฑิตวิทยาลัย
710 20 ^aมหาวิทยาลัยเชียงใหม่.^bสาขาวิชาสุขภาพจิตและการพยาบาลจิตเวช
945    ^p0^l0^i033136
995    เกษร
999    ^aใช้งานได้ทุกระบบ
รายการนี้ยังไม่มีแท็ก
คุณยังไม่ได้ล็อกอิน คุณสามารถมีกิจกรรมร่วมกับเว็บไซต์ได้ แต่ต้องล็อกอินก่อน ::
  ล็อกอิน

รายการสื่อสารสนเทศ

ลำดับที่ ประเภท เลขเรียก/บาร์โค้ด สถานที่ สถานะ
1. วิทยานิพนธ์
วิทยานิพนธ์
วพ.W 4 อ247ค  
  Barcode: 033136
ห้องสมุดวิทยาเขตสวรรค์ประชารักษ์
►วิจัย
บนชั้น

รายการใกล้เคียง
    หัวเรื่อง [Thinking]
    หัวเรื่อง [Depression]

BibComment


ยังไม่เคยถูกคอมเมนท์

คอมเมนท์ทรัพยากรรายการนี้
  คอมเมนท์: ความคิดอัตโนมัติ..


 Copyright 2026. Bcnsprnw @Library